<?xml version="1.0" encoding="UTF-8"?>
<record
    xmlns:xsi="http://www.w3.org/2001/XMLSchema-instance"
    xsi:schemaLocation="http://www.loc.gov/MARC21/slim http://www.loc.gov/standards/marcxml/schema/MARC21slim.xsd"
    xmlns="http://www.loc.gov/MARC21/slim">

  <leader>01059nam a22002297a 4500</leader>
  <controlfield tag="005">20230424120610.0</controlfield>
  <controlfield tag="008">211220b           ||||| |||| 00| 0 eng d</controlfield>
  <datafield tag="040" ind1=" " ind2=" ">
    <subfield code="c">AL</subfield>
  </datafield>
  <datafield tag="041" ind1=" " ind2=" ">
    <subfield code="a">kan</subfield>
  </datafield>
  <datafield tag="082" ind1=" " ind2=" ">
    <subfield code="2">23</subfield>
    <subfield code="a">320K</subfield>
    <subfield code="b">VIDR</subfield>
  </datafield>
  <datafield tag="100" ind1=" " ind2=" ">
    <subfield code="a">I S Vidyasagara: &#xC90; &#xC8E;&#xCB8;&#xCCD; &#xCB5;&#xCBF;&#xCA6;&#xCCD;&#xCAF;&#xCBE;&#xCB8;&#xCBE;&#xC97;&#xCB0; </subfield>
    <subfield code="9">92083</subfield>
  </datafield>
  <datafield tag="245" ind1=" " ind2=" ">
    <subfield code="a">Rajyashastrada mula parikalpanegalu</subfield>
    <subfield code="b">&#xCB0;&#xCBE;&#xC9C;&#xCCD;&#xCAF;&#xCB6;&#xCBE;&#xCB8;&#xCCD;&#xCA4;&#xCCD;&#xCB0;&#xCA6; &#xCAE;&#xCC2;&#xCB2; &#xCAA;&#xCB0;&#xCBF;&#xC95;&#xCB2;&#xCCD;&#xCAA;&#xCA8;&#xCC6;&#xC97;&#xCB3;&#xCC1;:</subfield>
  </datafield>
  <datafield tag="260" ind1=" " ind2=" ">
    <subfield code="a">Kalaburgi &#xC95;&#xCB2;&#xCAC;&#xCC1;&#xCB0;&#xCCD;&#xC97;&#xCBF; </subfield>
    <subfield code="b">SS Bavikatti Prakashana &#xC8E;&#xCB8;&#xCCD; &#xC8E;&#xCB8;&#xCCD; &#xCAD;&#xCBE;&#xCB5;&#xCBF;&#xC95;&#xC9F;&#xCCD;&#xC9F;&#xCBF; &#xCAA;&#xCCD;&#xCB0;&#xC95;&#xCBE;&#xCB6;&#xCA8; </subfield>
    <subfield code="c">2021</subfield>
  </datafield>
  <datafield tag="300" ind1=" " ind2=" ">
    <subfield code="a">180 p.</subfield>
    <subfield code="b">PB</subfield>
    <subfield code="c">21x13 cm.</subfield>
  </datafield>
  <datafield tag="365" ind1=" " ind2=" ">
    <subfield code="a">23</subfield>
    <subfield code="b">&#x20B9;112.00</subfield>
    <subfield code="c">&#x20B9;</subfield>
    <subfield code="d">&#x20B9;140.00</subfield>
    <subfield code="e">20%</subfield>
    <subfield code="f">15-12-2021</subfield>
  </datafield>
  <datafield tag="650" ind1=" " ind2=" ">
    <subfield code="a">Political Science &#xCB0;&#xCBE;&#xC9C;&#xCCD;&#xCAF;&#xCB6;&#xCBE;&#xCB8;&#xCCD;&#xCA4;&#xCCD;&#xCB0; </subfield>
    <subfield code="9">11905</subfield>
  </datafield>
  <datafield tag="650" ind1=" " ind2=" ">
    <subfield code="a">NEP</subfield>
    <subfield code="9">90825</subfield>
  </datafield>
  <datafield tag="650" ind1=" " ind2=" ">
    <subfield code="a">I SEM BA : &#xCAC;&#xCBF; &#xC8E; &#xCAA;&#xCCD;&#xCB0;&#xCA5;&#xCAE; &#xCB8;&#xCC6;&#xCAE;&#xCBF;&#xCB8;&#xCCD;&#xC9F;&#xCB0;&#xCCD; </subfield>
    <subfield code="9">90849</subfield>
  </datafield>
  <datafield tag="650" ind1=" " ind2=" ">
    <subfield code="a">Basic Concepts of Political Science</subfield>
    <subfield code="9">92082</subfield>
  </datafield>
  <datafield tag="700" ind1=" " ind2=" ">
    <subfield code="a">VIDYASAGARA (I S): &#xCB5;&#xCBF;&#xCA6;&#xCCD;&#xCAF;&#xCBE;&#xCB8;&#xCBE;&#xC97;&#xCB0; (&#xC90; &#xC8E;&#xCB8;&#xCCD;)</subfield>
    <subfield code="9">11906</subfield>
  </datafield>
  <datafield tag="942" ind1=" " ind2=" ">
    <subfield code="2">ddc</subfield>
    <subfield code="c">BK</subfield>
  </datafield>
  <datafield tag="999" ind1=" " ind2=" ">
    <subfield code="c">220987</subfield>
    <subfield code="d">220987</subfield>
  </datafield>
  <datafield tag="952" ind1=" " ind2=" ">
    <subfield code="0">0</subfield>
    <subfield code="1">0</subfield>
    <subfield code="2">ddc</subfield>
    <subfield code="4">0</subfield>
    <subfield code="7">0</subfield>
    <subfield code="8">PS</subfield>
    <subfield code="a">AL</subfield>
    <subfield code="b">AL</subfield>
    <subfield code="d">2021-12-19</subfield>
    <subfield code="e">Biblios Book Point</subfield>
    <subfield code="g">112.00</subfield>
    <subfield code="l">0</subfield>
    <subfield code="o">320K VIDR</subfield>
    <subfield code="p">075191</subfield>
    <subfield code="r">2021-12-20 00:00:00</subfield>
    <subfield code="v">140.00</subfield>
    <subfield code="w">2021-12-20</subfield>
    <subfield code="y">BK</subfield>
  </datafield>
  <datafield tag="952" ind1=" " ind2=" ">
    <subfield code="0">0</subfield>
    <subfield code="1">0</subfield>
    <subfield code="2">ddc</subfield>
    <subfield code="4">0</subfield>
    <subfield code="7">0</subfield>
    <subfield code="8">PS</subfield>
    <subfield code="a">AL</subfield>
    <subfield code="b">AL</subfield>
    <subfield code="d">2021-12-19</subfield>
    <subfield code="e">Biblios Book Point</subfield>
    <subfield code="g">112.00</subfield>
    <subfield code="l">1</subfield>
    <subfield code="o">320K VIDR</subfield>
    <subfield code="p">075192</subfield>
    <subfield code="r">2023-10-06 00:00:00</subfield>
    <subfield code="s">2023-10-03</subfield>
    <subfield code="v">140.00</subfield>
    <subfield code="w">2021-12-20</subfield>
    <subfield code="y">BK</subfield>
  </datafield>
  <datafield tag="952" ind1=" " ind2=" ">
    <subfield code="0">0</subfield>
    <subfield code="1">0</subfield>
    <subfield code="2">ddc</subfield>
    <subfield code="4">0</subfield>
    <subfield code="7">0</subfield>
    <subfield code="8">PS</subfield>
    <subfield code="a">AL</subfield>
    <subfield code="b">AL</subfield>
    <subfield code="d">2023-04-19</subfield>
    <subfield code="g">160.00</subfield>
    <subfield code="l">0</subfield>
    <subfield code="o">320K VIDR</subfield>
    <subfield code="p">D04871</subfield>
    <subfield code="r">2023-04-20 00:00:00</subfield>
    <subfield code="v">160.00</subfield>
    <subfield code="w">2023-04-20</subfield>
    <subfield code="y">DB</subfield>
    <subfield code="z">Donated by SS Bhavikatti Prakashana</subfield>
  </datafield>
</record>
